| 000 | 01017nam a2200373 a 4500 | ||
|---|---|---|---|
| 003 | AR-BaBNM | ||
| 005 | 20251128203410.0 | ||
| 008 | 082120s2002 ||||||||||||||000 | spa|| | ||
| 040 | _cAR-BaBNM | ||
| 100 | 1 | _aLapieza Elli, Angel Enrique | |
| 245 | 0 | 0 | _aHistoria del derecho romano |
| 260 |
_aBuenos Aires _bCooperadora de Derecho y Ciencias Sociales _c1975 |
||
| 300 |
_a350 p. _bmapas, tablas, gráfs. |
||
| 650 | 4 | _aDERECHO ROMANO | |
| 650 | 4 | _aOBLIGACIONES | |
| 650 | 4 | _aCONTRATOS | |
| 650 | 4 | _aDERECHO DE FAMILIA | |
| 650 | 4 | _aMATRIMONIO | |
| 650 | 4 | _aDERECHO SUCESORIO | |
| 650 | 4 | _aTESTAMENTOS | |
| 650 | 4 | _aHISTORIA ANTIGUA | |
| 650 | 4 | _aSOCIEDAD | |
| 650 | 4 | _aADMINISTRACION DE JUSTICIA | |
| 650 | 4 | _aHISTORIA DEL DERECHO | |
| 650 | 4 | _aDERECHO PENAL | |
| 650 | 4 | _aDERECHOS CIVILES Y POLITICOS | |
| 650 | 4 | _aDERECHOS SOCIALES Y ECONOMICOS | |
| 650 | 4 | _aSUCESIONES | |
| 651 | 4 | _aItalia | |
| 653 | _aPATRIMONIO | ||
| 653 | _aDERECHOS REALES | ||
| 942 | _cBK | ||
| 998 | _cmariana | ||
| 999 |
_c3202 _d3202 |
||